<?xml version='1.0' encoding='UTF-8'?><?xml-stylesheet href='static/style.xsl' type='text/xsl'?><OAI-PMH xmlns="http://www.openarchives.org/OAI/2.0/" xmlns:xsi="http://www.w3.org/2001/XMLSchema-instance" xsi:schemaLocation="http://www.openarchives.org/OAI/2.0/ http://www.openarchives.org/OAI/2.0/OAI-PMH.xsd"><responseDate>2026-05-01T11:48:10Z</responseDate><request verb="GetRecord" identifier="oai:ebiltegia.mondragon.edu:20.500.11984/4802" metadataPrefix="marc">https://ebiltegia.mondragon.edu/oai/request</request><GetRecord><record><header><identifier>oai:ebiltegia.mondragon.edu:20.500.11984/4802</identifier><datestamp>2024-01-04T21:57:01Z</datestamp><setSpec>com_20.500.11984_1736</setSpec><setSpec>com_20.500.11984_1627</setSpec><setSpec>col_20.500.11984_1972</setSpec></header><metadata><record xmlns="http://www.loc.gov/MARC21/slim" xmlns:dcterms="http://purl.org/dc/terms/" xmlns:xsi="http://www.w3.org/2001/XMLSchema-instance" xmlns:doc="http://www.lyncode.com/xoai" xsi:schemaLocation="http://www.loc.gov/MARC21/slim http://www.loc.gov/standards/marcxml/schema/MARC21slim.xsd">
   <leader>00925njm 22002777a 4500</leader>
   <datafield ind2=" " ind1=" " tag="042">
      <subfield code="a">dc</subfield>
   </datafield>
   <datafield ind2=" " ind1=" " tag="720">
      <subfield code="a">Mondragon Unibertsitatea</subfield>
      <subfield code="e">author</subfield>
   </datafield>
   <datafield ind2=" " ind1=" " tag="260">
      <subfield code="c">2016-10-21</subfield>
   </datafield>
   <datafield ind2=" " ind1=" " tag="520">
      <subfield code="a">Joan zen irailaren 30ean, 11:00etan, Mondragon Unibertsitateko Goi Eskola Politeknikoko Enaitz Ezpeleta Gallastegik tesia aurkeztu zuen Arrasateko Garaia Berrikuntza Guneko areto nagusian. Tesiaren izenburua:  New approaches for content-based analysis towards Online Social Network spam detection eta zuzendariak: Urko Zurutuza y Jose Mª Gomez. Gainera, Bikain cum laude lortu du.</subfield>
   </datafield>
   <datafield ind2=" " ind1=" " tag="520">
      <subfield code="a">El pasado día 30 de septiembre, a las 11:00h, el Doctorando Enaitz Ezpeleta Gallastegi de la Escuela Politécnica Superior de Mondragon Unibertsitatea presentó su tesis doctoral en el Auditorio del Polo de Innovación Garaia de Mondragon Unibertsitatea. El título de la tesis: New approaches for content-based analysis towards Online Social Network spam detection, y sus directores: Urko Zurutuza y Jose Mª Gomez. Además, obtuvo la calificación de Sobresaliente cum laude.</subfield>
   </datafield>
   <datafield ind1="8" ind2=" " tag="024">
      <subfield code="a">https://hdl.handle.net/20.500.11984/4802</subfield>
   </datafield>
   <datafield tag="653" ind2=" " ind1=" ">
      <subfield code="a">Goi Eskola Politeknikoa</subfield>
   </datafield>
   <datafield tag="653" ind2=" " ind1=" ">
      <subfield code="a">Escuela Politécnica Superior</subfield>
   </datafield>
   <datafield ind2="0" ind1="0" tag="245">
      <subfield code="a">Enaitz Ezpeletak tesia irakurri du</subfield>
   </datafield>
   <datafield ind2="0" ind1="0" tag="245">
      <subfield code="a">Lectura de la tesis de Enaitz Ezpeleta</subfield>
   </datafield>
</record></metadata></record></GetRecord></OAI-PMH>